000 00730nam a22002291a 4500
001 19252
003 BD-RjUL
005 20211209000415.0
008 140223s1955 enk b 001 0 eng d
035 _a(BD-RjUL)19310
040 _aABN:1
_beng
_cABN:1
_dNSL:R
_dBD-RjUL
041 _aeng
082 0 4 _a821
_bDAA 1955
100 1 _aDavie, Donald,
_d1922-
_959234
245 1 0 _aArticulate energy :
_ban inquiry into the syntax of English poetry /
_cDonald Davie
260 _aLondon :
_bRoutledge & Paul,
_c1955.
300 _a173 p. ;
_c22cm.
504 _aIncludes bibliographical references and index.
650 0 _aEnglish language
_xSyntax.
_923993
650 0 _aEnglish poetry
_xHistory and criticism.
_954587
942 _2ddc
_cBK
999 _c19252
_d19252